| 000 | 00819nam a2200229Ia 4500 | ||
|---|---|---|---|
| 003 | OSt | ||
| 005 | 20251025111154.0 | ||
| 008 | 210716s2016 xx 000 0 und d | ||
| 020 | _a9781785885006 | ||
| 040 | _cAIMIT LIBRARY | ||
| 041 | _aeng | ||
| 082 |
_a005.76821 _21 _bTHOR |
||
| 100 |
_aThottuvaikkatumana, Rajanarayanan. _9242764 |
||
| 245 |
_aApache spark 2 for beginners : _bdevelop large scale distributed data processing application using spark 2 in scala and python / _cBy Rajanarayanan Thottuvaikkatumana. |
||
| 250 | _a1st ed. | ||
| 260 |
_aMumbai : _bPackt Publishing Ltd , _c2016. |
||
| 300 |
_aiv,316p. ; _bPB _c24 cm |
||
| 650 |
_aSpark programming model _9242765 |
||
| 650 |
_aSpark stream processing _9242766 |
||
| 650 |
_aSpark machine learning _9242767 |
||
| 942 |
_2ddc _cBK _e1st _k005.76821 THOR |
||
| 999 |
_c196520 _d196520 |
||